Normal view
MARC view
Entry Topical Term
001 - CONTROL NUMBER
- control field: 1737
003 - CONTROL NUMBER IDENTIFIER
- control field: BD-DhCDI
005 - DATE AND TIME OF LATEST TRANSACTION
- control field: 20260209053559.0
008 - FIXED-LENGTH DATA ELEMENTS
- fixed length control field: 260209|| aca||aabn | a|a d
040 ## - CATALOGING SOURCE
- Original cataloging agency: BD-DhCDI
- Transcribing agency: BD-DhCDI
150 ## - HEADING--TOPICAL TERM
- Topical term or geographic name entry element: Body language
670 ## - SOURCE DATA FOUND
- Source citation: Work cat.: (BD-DhCDI)932: Lowndes, Leil. 1735, How to talk to anyone :, c1999.